Country by University - Statistics

General Stats
  • This quiz has been taken 139 times
  • The average score is 16 of 20
Answer Stats
University Country % Correct
University of British Columbia Canada
98%
Lomonosov Moscow State University Russia
97%
The University of Queensland Australia
96%
Tokyo Institute of Technology Japan
96%
Harvard University United States
96%
University of Oxford United Kingdom
95%
Hebrew University of Jerusalem Israel
93%
Medical University of Vienna Austria
91%
Scuola Normale Superiore di Pisa Italy
90%
Université Libre de Bruxelles Belgium
85%
Pierre and Marie Curie University France
85%
Heidelberg University Germany
84%
Tsinghua University China
81%
University of Basel Switzerland
76%
Utrecht University Netherlands
68%
National Tsing Hua University Taiwan
64%
Aarhus University Denmark
59%
Uppsala University Sweden
58%
Yonsei University South Korea
53%
Pompeu Fabra University Spain
49%
No matching quizzes found
Score Distribution
Percent of People with Each Score
Percentile by Number Answered
Your Score History
You have not taken this quiz